Making It : Manufacturing Techniques for Product Design /

Na minha lista:
Detalhes bibliográficos
Autor principal: Lefteri, Chris (Author)
Autor Corporativo: Central Saint Martins College of Art & Design (Author)
Formato: Livro
Idioma:inglês
Publicado em: London : Laurence King Publishing Ltd, 2019
Edição:3. vydanie
Assuntos:
Tags: Adicionar Tag
Sem tags, seja o primeiro a adicionar uma tag!

MARC

LEADER 00000nam a22000003a 4500
001 0089202
003 SK-STU
005 20210630132510.0
007 ta
008 210630s ----xo-----e------000-0-----d
020 |a 978-1-78627-327-7 
040 |a STU  |b slo 
041 0 |a eng 
044 |a xxk 
100 1 |a Lefteri, Chris  |4 aut 
110 2 |a Central Saint Martins College of Art & Design  |4 aut 
245 1 0 |a Making It :  |b Manufacturing Techniques for Product Design /  |c aut. Chris Lefteri 
250 |a 3. vydanie 
260 |a London :  |b Laurence King Publishing Ltd,  |c 2019 
300 |a 312 s. 
650 0 7 |a design priemyselný 
650 0 7 |a dizajn produktový 
650 0 7 |a výrobné techniky 
650 0 7 |a dizajn a materiál 
650 0 7 |a dizajn moderný 
996 |b 284AU08700  |c A* 11978/U  |l AAKNST  |s P  |a 0  |w 0089202_0001 
996 |b 284AU08701  |c A* 11979/U  |l AAKNAR  |s A  |a 24  |w 0089202_0002 
996 |b 284AU08702  |c A* 11980/U  |l AAKNAR  |s A  |a 24  |w 0089202_0003 
996 |b 284AU08703  |c A* 11981/U  |l AAKNAR  |s A  |a 24  |w 0089202_0004 
996 |b 284AU08803  |c A* 12081/U  |l AAKNAR  |s A  |a 24  |w 0089202_0005